Tropical rainforest : a world survey of our most valuable and endangered habitat with a blueprint for its survival: FOR REFERENCE ONLY (Record no. 595104)

MARC details
000 -LEADER
fixed length control field 00710nam a2200145Ia 4500
008 - FIXED-LENGTH DATA ELEMENTS--GENERAL INFORMATION
fixed length control field 100415s9999 xx 000 0 und d
082 ## - DEWEY DECIMAL CLASSIFICATION NUMBER
Item number 12187
Classification number 574.5
100 ## - MAIN ENTRY--PERSONAL NAME
Personal name NEWMAN ARNOLD
245 ## - TITLE STATEMENT
Title Tropical rainforest : a world survey of our most valuable and endangered habitat with a blueprint for its survival: FOR REFERENCE ONLY
260 ## - PUBLICATION, DISTRIBUTION, ETC. (IMPRINT)
Place of publication, distribution, etc NEW YORK
Date of publication, distribution, etc 1990
Name of publisher, distributor, etc FACTS ON FILE
365 ## - TRADE PRICE
Price amount 0
630 ## - SUBJECT ADDED ENTRY--UNIFORM TITLE
Uniform title Tropical rainforest : a world survey of our most valuable and endangered habitat with a blueprint for its survival: FOR REFERENCE ONLY
730 ## - ADDED ENTRY--UNIFORM TITLE
Uniform title Tropical rainforest : a world survey of our most valuable and endangered habitat with a blueprint for its survival: FOR REFERENCE ONLY
942 ## - ADDED ENTRY ELEMENTS (KOHA)
Koha item type Book
Holdings
Withdrawn status Lost status Damaged status Not for loan Home library Current library Date acquired Cost, normal purchase price Total Checkouts Full call number Barcode Date last seen Price effective from Koha item type
        Bombay Natural History Society Bombay Natural History Society 12/22/2000 0.00   574.5 12187 BNHS-12187 04/15/2010 04/15/2010 Book